00833nam a2200217 i 4500001000300000100004000003245009900043260003500142300002600177500001900203650006600222650007900288655001800367020002200385020002200407040000800429041001100437080002800448008004100476856009800517bg1 aŚWIĄTKOWSKI, Andrzejd(1944- ).10aEuropejskie prawo socjalne.nT. 2,pEuropejskie prawo pracy /cAndrzej Marian Świątkowski. aWarszawa :b"ABC",ccop. 1999. a526, [2] s. ;c25 cm. aStreszcz. ang. 9aPrawo pracyxprawo wspólnotowe europejskieystan na 1999 r. 9aUbezpieczenia społecznexprawo wspólnotowe europejskieystan na 1999 r. aPodręczniki a8387916390 (t. 2) a8387916242 (3 t.) cBPK0 aplben a349.2/.3:369](4-67)(07) s pl f |000 0 pol  uhttp://koha.tu.koszalin.pl/cgi-bin/koha/opac-detail.pl?biblionumber=38613yKatalog online BPK